Angewandte Informatik

Guardado en:
Detalles Bibliográficos
Formato: Seriadas
Lenguaje:alemán
Publicado: Braunschweig Vieweg
Etiquetas: Agregar Etiqueta
Sin Etiquetas, Sea el primero en etiquetar este registro!

MARC

LEADER 00000nas1a2200000$$$4500
001 0006375
005 20041019155714.7
041 0 |a ger 
044 |a DE 
245 1 0 |a Angewandte Informatik 
264 1 |a Braunschweig  |b Vieweg